Samohodnotenie duševno-telesných predispozícií a vrodeného správania vedúcich a špecialistov.
Genéza expertného systému. Hodnotenie komplexného človeka a vyšetrenie jeho organizačného správania. Štruktúra objektu vyšetrovania. Formy rezonančného obrazu. Štruktúra ESTP. Typy programov a textových súborov. Poradensko-konzultačná podpora a kondukt ESTP. Budúci vývoj ESTP a jeho nadväznosť.
Guardado en:
| Formato: | Capítulo de libro |
|---|---|
| Lenguaje: | eslovaco |
| Materias: | |
| Etiquetas: |
Sin Etiquetas, Sea el primero en etiquetar este registro!
|
MARC
| LEADER | 00000naa a2200000 4500 | ||
|---|---|---|---|
| 001 | r001052 | ||
| 005 | 20220819181119.8 | ||
| 041 | 0 | |a slo | |
| 044 | |a [CS] | ||
| 245 | 1 | 0 | |a Samohodnotenie duševno-telesných predispozícií a vrodeného správania vedúcich a špecialistov. |
| 520 | |a Genéza expertného systému. Hodnotenie komplexného človeka a vyšetrenie jeho organizačného správania. Štruktúra objektu vyšetrovania. Formy rezonančného obrazu. Štruktúra ESTP. Typy programov a textových súborov. Poradensko-konzultačná podpora a kondukt ESTP. Budúci vývoj ESTP a jeho nadväznosť. | ||
| 610 | 2 | 0 | |a systémy expertné |
| 610 | 2 | 0 | |a programovanie |
| 610 | 2 | 0 | |a pracovníci riadiaci |
| 610 | 2 | 0 | |a poradenstvo |
| 610 | 2 | 0 | |a testy |
| 610 | 2 | 0 | |a správanie |